| 000 | 00628nam a2200205Ia 4500 | ||
|---|---|---|---|
| 003 | GCL | ||
| 008 | 140319s9999 xx 000 0 eng d | ||
| 020 | _a1568020104 | ||
| 040 |
_aGCL / _cGCL |
||
| 082 | 0 | 4 |
_a324.780973 _bM C |
| 100 | 1 | _aGOLDSTEIN, JEFFREY H | |
| 245 | 1 | 0 |
_aTHE CASH CONSTITUENTS OF CONGRESS / _cGOLDSTEIN, JEFFREY H |
| 700 | 1 | _aMAKINSON, LARRY | |
| 260 |
_a[S.N] : _bCENTER FOR RESEARCH AND STUDIES ، _c1994 |
||
| 300 |
_a28 CM ؛ _cX1, 385 P |
||
| 650 | 0 | 4 | _aUNITED STATES - CONGRESS - ELECTION - 1992 |
| 650 | 0 | 4 | _aCAMPAIGN FUNDS - U.S |
| 650 | 0 | 4 | _aPOLITICAL ACTION COMMITTEES - U.S |
| 942 |
_2ddc _cBK |
||
| 999 |
_c4791 _d4791 |
||